| 000 | 01083nam a22002297a 4500 | ||
|---|---|---|---|
| 999 |
_c59857 _d59857 |
||
| 003 | Ge_BSU | ||
| 005 | 20230501114343.0 | ||
| 008 | 230501s2009 ge ||||| |||| 00| 0 geo d | ||
| 020 | _a9789994087563 | ||
| 041 | _ageo | ||
| 080 | _a321.01(479)+ 338(479) პ-18 | ||
| 100 |
_aპაპავა, ვლადიმერ _917872 |
||
| 245 |
_aცენტრალური კავკაზია : _bგეოპოლიტეკონომიური ნარკვევი / _cვლადიმერ პაპავა ; [რედ. როზეტა ასათიანი]. |
||
| 264 |
_aთბილისი : _bსიახლე, _c2009. |
||
| 300 |
_a160გვ. ; _b20სმ. |
||
| 504 | _a ბიბლიოგრ.: გვ. 98-139. | ||
| 520 | _a რეზ. ინგლ. და რუს. | ||
| 653 | _aკავკასიის გეოპოლიტიკა | ||
| 653 | _aკავკასიის ეკონომიკა. | ||
| 700 |
_aასათიანი, როზეტა _eრედაქტორი _917873 |
||
| 942 |
_2udc _cBK |
||